• 首页
  • 本馆介绍
  • 公告通知
  • 最新文献
  • 馆藏检索
  • 电子资源
  • 读者导购
  • 参考咨询
  • 我的图书馆
  • 登录
  • 详细信息显示
  • 放入我的书架
  • 预约/预借图书
  • 作者相关作品
  • 分类相关作品
  • 丛书相关作品
  • 出版社相关作品

书目信息

  • 表格格式
  • 工作单格式
  • 卡片格式
书名: Palestinian identity
作者: Rashid Khalidi.
分册号:
分册名:
出版地: New York :
 
出版社: Columbia University Press
出版时间: c1997.
页数: xvi, 309 p. ;
开本: 24 cm.
丛书名:
中图分类号:
科图分类号:
其他分类号: D815.4
主题词:
电子资源:
000 01133cam a2200313 a 450
001 E0732044256
005 20070509085529.53
008 960918s1997 nyu b 001 0 eng
010    @a96045757
020    @a0231105142 (alk. paper).
020    @a0-231-10515-0.
035    @A(DLC) 96045757
040    @aDLC@cDLC@dDLC
043    @aa-is---
050 00 @aDS113.7@b.K53 1997
082 00 @a305.892/740569442@2 20
090    @aD815.4
099    @dD815.4@ex30
100 1  @aKhalidi, Rashid.
245 10 @aPalestinian identity :@bthe construction of modern national consciousness / @cRashid Khalidi.
260    @aNew York :@bColumbia University Press,@cc1997.
300    @axvi, 309 p. ;@c24 cm.
504    @aIncludes bibliographical references (p.[267]-285) and index.
650  0 @aArab-Israeli conflict.
650  0 @aPalestinian Arabs@zJerusalem.
650  0 @aPalestinian Arabs@zIsrael@xEthnic identity.
906    @a7@bcbc@corignew@d1@eocip@f19@gy-gencatlg
955    @apb11 to ya00 09-19-96; ye05 09-19-96; ye07 09-23-96; CIP ver. yg05 05-02-97
991    @bc-GenColl@hDS113.7@i.K53 1997@p00039179052@tCopy 1@wBOOKS
    
    Palestinian identity : : the construction of modern national consciousness / / Rashid Khalidi.-New York : : Columbia University Press, , c1997.
    xvi, 309 p. ; ; 24 cm.
    Includes bibliographical references (p.[267]-285) and index.
    
    ISBN 0231105142 (alk. paper).
    
●
相关链接 在E读中查询图书 在五车中查询图书 在当当中查询图书 在豆瓣中查询图书


正题名:Palestinian identity     索取号:D815.4/x30         预约/预借

序号 登录号 条形码 馆藏地/架位号 状态 备注
1 7664   300076646   第二样本阅览室/ [索取号:D815.4/x30] 在馆    
唐山师范学院图书馆 欢迎您!
大连网信软件有限公司© 版权所有